Statistiques concernant 20 formes de pays aléatoires

Cliquez ici pour prendre le quiz!

Statistiques générales

  • Ce quiz a été pris 26 096 fois
  • Le résultat moyen est 9 sur 20

Statistiques - réponses

Réponse% Correct
France
96%
Italie
95%
Australie
93%
États-Unis
93%
Royaume-Uni
93%
Chili
92%
Inde
91%
Norvège
91%
Canada
90%
Espagne
89%
Japon
89%
Chine
88%
Russie
88%
Chypre
87%
Égypte
86%
Mexique
86%
Indonésie
85%
Islande
85%
Maroc
85%
Madagascar
84%
Afrique du Sud
82%
Brésil
82%
Turquie
81%
Somalie
80%
Allemagne
79%
Grèce
79%
Croatie
78%
Portugal
78%
Argentine
77%
Viêt Nam
77%
Autriche
76%
Algérie
75%
Nouvelle-Zélande
74%
Mali
72%
Sénégal
71%
Irlande
70%
Suède
70%
Thaïlande
69%
Papouasie-Nouvelle-Guinée
68%
Cuba
66%
Ukraine
66%
Israël
65%
Philippines
63%
Suisse
63%
Mongolie
62%
Népal
62%
Birmanie
61%
Namibie
61%
Tchad
61%
Sri Lanka
60%
Finlande
59%
Libye
59%
Pays-Bas
59%
Bénin
58%
Roumanie
58%
Kazakhstan
56%
Laos
56%
Danemark
55%
Éthiopie
54%
Gambie
54%
Arabie Saoudite
53%
Kosovo
53%
Monaco
53%
Iran
52%
Mauritanie
52%
Mozambique
52%
Pakistan
52%
Pologne
52%
Soudan
52%
Vatican
52%
République Démocratique du Congo
51%
Belgique
50%
Panama
48%
Angola
47%
Bosnie-Herzégovine
47%
Oman
45%
Yémen
45%
Serbie
44%
Taïwan
44%
Bangladesh
43%
Jordanie
43%
Pérou
43%
République Tchèque
43%
Tunisie
43%
Albanie
42%
Cameroun
42%
Haïti
42%
Syrie
42%
Zambie
42%
Niger
41%
Hongrie
39%
Irak
39%
Malaisie
39%
Ouzbékistan
39%
Slovaquie
39%
Érythrée
38%
États Fédérés de Micronésie
38%
Moldavie
38%
Venezuela
38%
Biélorussie
37%
Afghanistan
36%
Malawi
36%
Togo
36%
Maldives
35%
Bulgarie
34%
Corée du Sud
34%
Émirats Arabes Unis
34%
Macédoine du Nord
34%
Turkménistan
34%
Gabon
33%
Ghana
33%
Guinée Équatoriale
32%
Azerbaïdjan
31%
Côte d'Ivoire
31%
Kirghizistan
31%
Lettonie
31%
Tadjikistan
30%
Colombie
29%
Corée du Nord
29%
Trinité-et-Tobago
29%
Bahamas
28%
Burkina Faso
28%
Estonie
28%
Guyana
28%
Nicaragua
28%
Géorgie
27%
Nigeria
27%
Slovénie
27%
Kiribati
26%
République Centrafricaine
26%
Tanzanie
26%
Guinée
25%
Îles Salomon
25%
Lituanie
25%
Monténégro
25%
Nauru
25%
Zimbabwe
25%
Bolivie
24%
Îles Marshall
24%
Luxembourg
24%
Malte
24%
Paraguay
24%
République du Congo
24%
Timor Oriental
24%
Équateur
22%
Arménie
21%
Botswana
21%
Costa Rica
21%
Djibouti
21%
Jamaïque
21%
Kenya
21%
Koweït
21%
Liberia
21%
Liechtenstein
21%
Antigua-et-Barbuda
20%
Singapour
20%
Belize
19%
Cap-Vert
19%
Qatar
19%
Vanuatu
19%
Ouganda
18%
Soudan du Sud
18%
Tuvalu
18%
Fidji
17%
Liban
17%
Sao Tomé-et-Principe
17%
Uruguay
17%
Bhoutan
16%
Guatemala
16%
Guinée-Bissau
16%
République Dominicaine
16%
Burundi
15%
Comores
15%
Saint-Christophe- et-Niévès
15%
Tonga
15%
Brunei
14%
Eswatini
14%
Saint-Vincent-et-les-Grenadines
14%
Seychelles
14%
Honduras
13%
Andorre
12%
Sainte-Lucie
12%
Suriname
12%
Palaos
11%
Rwanda
11%
Salvador
11%
Sierra Leone
11%
Cambodge
10%
Lesotho
10%
Saint-Marin
10%
Grenade
9%
Samoa
9%
Bahreïn
8%
Barbade
8%
Maurice
7%
Dominique
6%

Distribution des résultats

Percentile par nombre de réponses

% des personnes avec chaque résultat

Votre développement - résultats

Vous n’avez pas pris ce quiz